Регионална библиотека "Любен Каравелов" - Русе

Христо Ботев като поет и журналист (Запис номер 425140)

MARC детайли
000 -Лидер
Контролно поле с фиксирана дължина 01066nam a2200253 a 4500
003 - Код на организацията, давaща контролен номер
Контролно поле BLK
005 - Дата и час на последна редакция
Контролно поле 20250225005542.0
008 - Елементи от данни с фиксирана дължина
fixed length control field 210723b bu |||||||||| 00| | bu d
040 ## - Източник на каталожния запис
Идентификатор на билиотеката - собственик на записа BLK
041 ## - Код за език
Код за езика на текст/звукозапис или на отделно заглавие Български
Код за езика КДБФ Български
080 ## - УДК
Текстов определител УДК Българска литература
УДК код - определител по УДК 821.163.2
УДК определител .09
УДК - код + определител 821.163.2.09
100 ## - Редна дума - Автор
Автор Страшимиров, Димитър Тодоров
Дати, свързани с автора 1868-1938
R(LIN) 364201
139 ## - Редно поле
Редна дума Страшимиров, Димитър Тодоров
245 ## - Сведения за заглавието
Заглавие Христо Ботев като поет и журналист
Подзаглавни данни Крит. опит
Редно поле (дума) Димитър Тодоров Страшимиров
260 ## - Област на издателските данни
9 (RLIN) 216221
Място на издаване, разпространение и проч. Пловдив
Име на издателя, разпространителя и проч. Друж. п-ца Съгласие
Година на издаване 1897
Печатница (Пловдив : Съгласие)
300 ## - Физическа характеристика
Страници 334 с.
Размери/Мащаб 20 см
380 ## - Жанр
Жанр Литературознание
490 ## - СЕРИИ (Колекции)
9 (RLIN) 435080
Име на серия Колекция Редки и ценни издания
650 #7 - Допълнително описание по предмет – тема
9 (RLIN) 149119
Основно описание – тема или топоним Ботев, Христо
653 #7 - Ключова дума – ненормативна
9 (RLIN) 200192
Ключова дума Христо Ботев
852 ## - Местоположение
Форматна сигнатура Рб 897
Фондова буква Редки и ценни
999 ## - СИСТЕМНИ КОНТРОЛНИ НОМЕРА
Koha biblionumber 425140
Koha biblioitemnumber 425140
942 ## - АРТИКУЛИ
Вид на библиотечния материал Книги
Скрит в OPAC Не
Периодичен библиозапис Да
944 ## - СЪЗДАВАНЕ И РЕДАКЦИЯ на ЗАПИСА
Създаване/Редакция Създаване
Дата на регистрацията/редакция 2021-07-23
Служител, извършил регистрацията/редакцията
Статус, дата на статуса CRON CRON
Наличности
Код за отписване Код за изгубен артикул Източник на класификационната схема Код за повреда Код за отдаване Артикулен № Име на библиотеката - собственик Име на библиотеката, в която се намира в момента Статус (Текущо местоположение) Дата на вписване в системата Местоположение - отдел Цена в лева Инвентарен номер Систематично азбучна сигнатура Баркод Цена в евро Служебен тип на артикула
  Не е изгубен Universal Decimal Classification Не е повреден Специални фондове ( старопечатни, редки и ценни, фонд М. Арнаудов) 854041 Регионална библиотека "Любен Каравелов" Русе Регионална библиотека "Любен Каравелов" Русе Редки и ценни 2021-09-23 Редки и ценни 0.67 7867/57 Рб 897 900000071135 0.34 Книги
  Не е изгубен Universal Decimal Classification Не е повреден Специални фондове ( старопечатни, редки и ценни, фонд М. Арнаудов) 854042 Регионална библиотека "Любен Каравелов" Русе Регионална библиотека "Любен Каравелов" Русе Редки и ценни 2021-09-23 Редки и ценни 1.50 8957/66 Рб 897 900000071136 0.77 Книги
Vip Innovations Ltd, Rousse, Bulgaria 2025